Second Islamic countries conference on statistical sciences, 1990: (Record no. 19249)
[ view plain ]
| 000 -LEADER | |
|---|---|
| fixed length control field | 00587nam a2200193Ia 4500 |
| 001 - CONTROL NUMBER | |
| control field | 18863 |
| 003 - CONTROL NUMBER IDENTIFIER | |
| control field | PK-LaUMT |
| 005 - DATE AND TIME OF LATEST TRANSACTION | |
| control field | 20220902154429.0 |
| 008 - FIXED-LENGTH DATA ELEMENTS--GENERAL INFORMATION | |
| fixed length control field | 140407s9999 xx 000 0 und d |
| 040 ## - CATALOGING SOURCE | |
| Transcribing agency | PK-LaUMT |
| 082 ## - DEWEY DECIMAL CLASSIFICATION NUMBER | |
| Classification number | W 300.21 |
| Item number | ISL-S |
| 100 ## - MAIN ENTRY--PERSONAL NAME | |
| Personal name | Muir Ahmad |
| 245 ## - TITLE STATEMENT | |
| Title | Second Islamic countries conference on statistical sciences, 1990: |
| Remainder of title | Proceedings Johor Bahru, Malaysia (August 26-29, 1990). |
| Statement of responsibility, etc | Muir Ahmad |
| 260 ## - PUBLICATION, DISTRIBUTION, ETC. (IMPRINT) | |
| Place of publication, distribution, etc | Lahore,Pakistan: |
| Name of publisher, distributor, etc | Islamic Society of Statistical Sciences, |
| Date of publication, distribution, etc | 1990 |
| 300 ## - PHYSICAL DESCRIPTION | |
| Extent | 1024 p. |
| 505 ## - FORMATTED CONTENTS NOTE | |
| Miscellaneous information | 12 |
| 546 ## - LANGUAGE NOTE | |
| Language note | EN |
| 942 ## - ADDED ENTRY ELEMENTS (KOHA) | |
| Koha item type | Permanently weeded out collection |
| Source of classification or shelving scheme | Dewey Decimal Classification |
| Withdrawn status | Lost status | Damaged status | Not for loan | Home library | Current library | Date acquired | Total Checkouts | Full call number | Barcode | Date last seen | Price effective from | Koha item type |
|---|---|---|---|---|---|---|---|---|---|---|---|---|
| UMT Main Campus | UMT Main Campus | 2014-04-07 | W 300.21 ISL-S | 20341 | 2014-04-23 | 2014-04-23 | Books |
